| 000 | 01369cam a22003137a 4500 | ||
|---|---|---|---|
| 001 | 17969614 | ||
| 005 | 20220326193325.0 | ||
| 008 | 131212s2012 cr a c 000 0 spa d | ||
| 010 | _a 2014480681 | ||
| 020 | _a9789930944349 | ||
| 020 | _a9930944346 | ||
| 035 | _a(OCoLC)ocn879682002 | ||
| 040 |
_aLRU _cLRU _dOCLCO _dTEF _dOCLCO _dDLC |
||
| 041 | 1 |
_aspa _aeng |
|
| 042 | _alccopycat | ||
| 082 |
_a760 _bCh512b |
||
| 100 | 1 |
_aChanto, Sila, _d1969- _92828 |
|
| 245 | 1 | 0 |
_aBitácora de los oficios / _ccuraduría, María José Chavarría. |
| 260 |
_aSan José, Costa Rica : _bMuseo de Arte y Diseño Contemporáneo, _c2012. |
||
| 300 |
_a48 p. : _bcol. ill. ; _c24 cm. |
||
| 505 |
_tPresentacion _rFiorella Resenterra _tBitacora de los oficios _rMaria Jose Chavarria _tObras y referencias _tCadaver exquisito _tSila Chanto y su vigilia de multiples espejos _rAlfonso Peña _tTraducciones _tCurriculum Vitae _tCreditos y agradecimientos |
||
| 546 | _aSpanish and Enlish. | ||
| 600 | 1 | 0 |
_aChanto, Sila, _d1969- _92829 |
| 650 | 0 |
_aEngraving _zCosta Rica _vExhibitions. _92830 |
|
| 700 | 1 |
_aChavarría, María José. _92428 |
|
| 710 | 2 |
_aMuseo de Arte y Diseño Contemporáneo (San José, Costa Rica) _92429 |
|
| 906 |
_a7 _bcbc _ccopycat _d3 _encip _f20 _gy-gencatlg |
||
| 999 |
_c630 _d630 |
||